| 000 | 00901nam a2200265 i 4500 | ||
|---|---|---|---|
| 999 |
_c1904 _d1904 |
||
| 001 | 1723 | ||
| 003 | BD-DhUAP | ||
| 005 | 20210127133728.0 | ||
| 008 | 781208s1978 caua b 001 0 eng | ||
| 020 | _a0875893759 | ||
| 040 |
_aDLC _cDLC _dBD-DhUAP _bEng |
||
| 082 | 0 | 0 |
_223 _a379.15 AND |
| 100 | 1 | _aAnderson, Scarvia B. | |
| 245 | 1 | 4 |
_aThe profession and practice of program evaluation / _cScarvia B. Anderson and Samuel Ball. |
| 250 | _a1st ed. | ||
| 260 |
_aSan Francisco : _bJossey-Bass Publishers, _cc1978 [Reprinted 1983]. |
||
| 300 |
_axvii, 252 pages : _billustration ; _c24 cm. |
||
| 490 | 0 | _aThe Jossey-Bass series in social and behavioral science & in higher education. | |
| 500 | _aIncludes indexes. | ||
| 504 | _aBibliography: p. 221-242. | ||
| 650 | 0 | _aEducational surveys. | |
| 650 | 0 | _aEvaluation research (Social action programs) | |
| 700 | 1 | _aBall, Samuel. | |
| 942 |
_2ddc _cBK |
||